Every Song by Dio - Statistics

General Stats
  • This quiz has been taken 15 times
  • The average score is 25 of 108
Answer Stats
Album Song % Correct
Holy Diver(1983) Holy Diver
100%
Holy Diver(1983) Rainbow in the Dark
91%
The Last in Line(1984) The Last in Line
82%
Sacred Heart(1985) Sacred Heart
73%
Holy Diver(1983) Don't Talk to Strangers
64%
Dream Evil(1987) Dream Evil
64%
Killing the Dragon(2002) Killing the Dragon
64%
Lock Up the Wolves(1990) Lock Up the Wolves
64%
Magica(2000) Magica (Reprise)
64%
Master of the Moon(2004) Master of the Moon
64%
Holy Diver(1983) Stand Up and Shout
64%
Strange Highways(1993) Strange Highways
64%
The Last in Line(1984) We Rock
64%
Dream Evil(1987) All the Fools Sailed Away
45%
The Last in Line(1984) Egypt (The Chains Are On)
45%
Sacred Heart(1985) King of Rock and Roll
45%
Killing the Dragon(2002) Rock & Roll
45%
Holy Diver(1983) Straight Through the Heart
45%
Lock Up the Wolves(1990) Wild One
45%
Lock Up the Wolves(1990) Between Two Hearts
36%
Lock Up the Wolves(1990) Born on the Sun
36%
Holy Diver(1983) Caught in the Middle
36%
Lock Up the Wolves(1990) Evil on Queen Street
36%
Sacred Heart(1985) Hungry for Heaven
36%
Dream Evil(1987) Night People
36%
Dream Evil(1987) Sunset Superman
36%
Killing the Dragon(2002) Along Comes a Spider
27%
Magica(2000) Fever Dreams
27%
Holy Diver(1983) Gypsy
27%
Angry Machines(1996) Institutional Man
27%
The Last in Line(1984) I Speed at Night
27%
The Last in Line(1984) Mystery
27%
The Last in Line(1984) One Night in the City
27%
Sacred Heart(1985) Rock 'n' Roll Children
27%
Master of the Moon(2004) The Eyes
27%
Lock Up the Wolves(1990) Why Are They Watching Me
27%
Magica(Bonus)(2013) Electra
18%
The Last in Line(1984) Evil Eyes
18%
Dream Evil(1987) Faces in the Window
18%
Strange Highways(1993) Give Her the Gun
18%
Lock Up the Wolves(1990) Hey Angel
18%
Master of the Moon(2004) I Am
18%
Holy Diver(1983) Invisible
18%
Strange Highways(1993) Jesus, Mary & the Holy Ghost
18%
Lock Up the Wolves(1990) My Eyes
18%
Dream Evil(1987) Naked in the Rain
18%
Master of the Moon(2004) One More for the Road
18%
Dream Evil(1987) Overlove
18%
Killing the Dragon(2002) Push
18%
Holy Diver(1983) Shame on the Night
18%
Master of the Moon(2004) The Man Who Would Be King
18%
Lock Up the Wolves(1990) Twisted
18%
Lock Up the Wolves(1990) Walk on Water
18%
Dream Evil(1987) When a Woman Cries
18%
Magica(Bonus)(2013) Annica
9%
Sacred Heart(1985) Another Lie
9%
Magica(2000) As Long as It's Not About Love
9%
Killing the Dragon(2002) Better in the Dark
9%
Angry Machines(1996) Big Sister
9%
Angry Machines(1996) Black
9%
Strange Highways(1993) Blood from a Stone
9%
The Last in Line(1984) Breathless
9%
Strange Highways(1993) Bring Down the Rain
9%
Magica(2000) Challis
9%
Killing the Dragon(2002) Cold Feet
9%
Magica(2000) Discovery
9%
Angry Machines(1996) Don't Tell the Kids
9%
Angry Machines(1996) Double Monday
9%
Angry Machines(1996) Dying in America
9%
The Last in Line(1984) Eat Your Heart Out
9%
Magica(2000) Eriel
9%
Strange Highways(1993) Evilution
9%
Sacred Heart(1985) Fallen Angels
9%
Magica(2000) Feed My Head
9%
Strange Highways(1993) Firehead
9%
Angry Machines(Bonus)(1996) God Hates Heavy Metal
9%
Killing the Dragon(2002) Guilty
9%
Strange Highways(1993) Here's to You
9%
Strange Highways(1993) Hollywood Black
9%
Angry Machines(1996) Hunter of the Heart
9%
Dream Evil(1987) I Could Have Been a Dreamer
9%
Master of the Moon(2004) In Dreams
9%
Sacred Heart(1985) Just Another Day
9%
Sacred Heart(1985) Like the Beat of a Heart
9%
Magica(2000) Lord of the Last Day
9%
Magica(2000) Lord of the Last Day (Reprise)
9%
Magica(2000) Losing My Insanity
9%
Lock Up the Wolves(1990) Night Music
9%
Strange Highways(1993) One Foot in the Grave
9%
Magica(2000) Otherworld
9%
Strange Highways(1993) Pain
9%
Killing the Dragon(2002) Scream
9%
Master of the Moon(2004) Shivers
9%
Sacred Heart(1985) Shoot Shoot
9%
Angry Machines(1996) Stay Out of My Mind
9%
Master of the Moon(2004) The End of the World
9%
Angry Machines(1996) This Is Your Life
9%
Killing the Dragon(2002) Throw Away Children
9%
Magica(2000) Turn to Stone
9%
Killing the Dragon(2002) Before the Fall
0%
Master of the Moon(2004) Death by Love
0%
Intermission(1986) Time to Burn
0%
Angry Machines(1996) Golden Rules
0%
Master of the Moon(2004) Living the Lie
0%
Magica(2000) Magica Story
0%
Magica(2000) Magica Theme
0%
Angry Machines(Bonus)(2019) The Mob Rules
0%
Master of the Moon(Bonus)(2019) The Prisoner of Paradise
0%
No matching quizzes found
Score Distribution
Percent of People with Each Score
Percentile by Number Answered
Your Score History
You have not taken this quiz